Statistics for The FNAF Movie Teaser Trailer Script

Click here to take the quiz!

General Stats

  • This quiz has been taken 28 times
  • The average score is 15 of 39

Answer Stats

Answer% Correct
Freddy
90%
to
70%
to
70%
to
70%
Fazbear's
60%
have
60%
Welcome
60%
Pizzeria,
50%
Where
50%
and
45%
fun
45%
fun
45%
it,
45%
it
45%
come
40%
going
35%
Hello?
35%
much
35%
so
35%
this
35%
We're
35%
If
30%
life.
30%
as
25%
security
25%
together.
25%
watching
25%
you're
25%
fantasy
20%
Freddy's
20%
guard.
20%
guys!
20%
Hit
20%
means
20%
newest
20%
selected
20%
you've
20%
been
15%
video,
15%

Score Distribution

Percentile by Number Answered

Percent of People with Each Score

Your Score History

You have not taken this quiz